10 biggest "nightlife" cities - Statistiques

Statistiques générales
  • Ce quiz a été pris 42 fois
  • Le résultat moyen est 5 sur 10
Statistiques - réponses
Réponse % Correct
Los Angeles
86%
New York
86%
London
60%
Las Vegas
54%
Miami
54%
Barcelona
51%
Berlin
51%
Ibiza
43%
Montréal
17%
Cancun
14%
Aucun quiz correspondant
Distribution des résultats
% des personnes avec chaque résultat
Percentile par nombre de réponses
Votre historique - résultats
Vous n’avez pas pris ce quiz